Multiple Choice City Quiz – Copenhagen - Statistics

General Stats
  • This quiz has been taken 13,144 times
    13,129 since last reset
  • The average score is 7 of 10
Answer Stats
Question Answer % Correct
What does Copenhagen's most famous statue depict? A mermaid
91%
Which of the following is Copenhagen known for? Being extremely bike-friendly
84%
What Swedish city is Copenhagen connected to via the Øresund Bridge? Malmö
81%
What is the Danish spelling of Copenhagen? København
79%
Which beer brand comes from Copenhagen? Carlsberg
74%
What amusement park opened in Copenhagen in 1843? Tivoli Gardens
61%
What is the main island on which Copenhagen is located? Zealand
57%
What is Noma? A restaurant voted the best in the world several times
56%
What is the name of the former military base which was taken over by anarchist squatters in 1971? Christiania
56%
Novo Nordisk, based in Copenhagen, has recently been Europe's most valuable company. What is it known for? Weight loss drugs
42%
No matching quizzes found
Score Distribution
Percent of People with Each Score
Percentile by Number Answered
Your Score History
You have not taken this quiz since the last reset